Súpis miest a obcí Slovenskej republiky 1995 Adresár obcí a miest SR
Salvato in:
| Natura: | Libro |
|---|---|
| Lingua: | slovacco |
| Pubblicazione: |
Bratislava
GEOTEXT
1995
|
| Edizione: | 1. vyd. |
| Soggetti: | |
| Tags: |
Nessun Tag, puoi essere il primo ad aggiungerne!!
|
MARC
| LEADER | 00000nam a2200000 4500 | ||
|---|---|---|---|
| 001 | c011418 | ||
| 005 | 20221214072956.0 | ||
| 020 | |a 80-901147-5-X | ||
| 041 | 0 | |a slo | |
| 044 | |a SK | ||
| 245 | 1 | 0 | |a Súpis miest a obcí Slovenskej republiky 1995 |b Adresár obcí a miest SR |
| 250 | |a 1. vyd. | ||
| 264 | 1 | |a Bratislava |b GEOTEXT |c 1995 | |
| 300 | |a 274 s. | ||
| 610 | 2 | 0 | |a mestá |
| 610 | 2 | 0 | |a obce |
| 610 | 2 | 0 | |a Slovensko |